| 000 | 00754 a2200253 4500 | ||
|---|---|---|---|
| 003 | CBULib | ||
| 005 | 20250721082111.0 | ||
| 008 | 250721b |||||||| |||| 00| 0 eng d | ||
| 020 | _a9781409430919 | ||
| 040 |
_bEnglish _cCBULib _erda |
||
| 041 | _aeng | ||
| 050 | _aTD 195.A27 Pal | ||
| 100 | _aPalmer, Walter | ||
| 245 |
_aWill sustainability fly? : aviation fuel options in a low-carbon world _c/ by Walter J. Palmer |
||
| 260 |
_bAshgate, _c2015 _aSurrey : |
||
| 300 | _avi, 271 pages : illustrations | ||
| 336 |
_2rdacontent _aText | _btxt |
||
| 337 |
_2rdamedia _aUnmediated | _bn |
||
| 338 |
_2rdacarrier _aVolume _bnc |
||
| 650 | 0 |
_94702 _aENVIRONMENTAL POLICY |
|
| 650 | 0 |
_92860 _aAIRPLANES |
|
| 650 | 0 |
_94703 _aFUEL |
|
| 942 |
_2lcc _c002 |
||
| 999 |
_c86288 _d86288 |
||